000 00655cam a2200205 4500
001 WB3602-05
008 000000n2000 000 0 eng u
035 _a(Sirsi) u103517
245 _aMarket set for surge
260 _c2000
490 _aBuilding
_v265(8118) 7 January 2000, 7(1)
520 _aForecaster Euroconstruct predicts that the European construction economy will continue to grow for the next 3 years at an average rate of 2%. Tables.
590 _aWB
650 _aFORECASTS
650 _aCONSTRUCTION OUTPUT
650 _aEUROPE
650 _aCONSTRUCTION MARKET
690 _aBUILT ENVIRONMENT-CONSTRUCTION MARKET
942 _n0
999 _c62192
_d62192